[Event "10. Torneo I. Cidade de Pontevedra 2022"]
[Site "Pontevedra ESP"]
[Date "2022.07.27"]
[Round "6.15"]
[White "Andias, Joao Pedro Menezes"]
[Black "Bernal Moro, Luis Javier"]
[Result "0-1"]
[WhiteElo "2045"]
[BlackElo "2404"]
[PlyCount "142"]
[EventDate "2022.07.24"]
[EventType "swiss"]
[EventRounds "9"]
[EventCountry "ESP"]
[SourceTitle "Ajedrez en Madrid"]
[Source "lmi"]
[SourceDate "2022.07.24"]
[SourceVersion "1"]
[SourceVersionDate "2022.08.06"]
[SourceQuality "1"]

1. e4 c5 2. Nf3 d6 3. d4 cxd4 4. Qxd4 Nf6 5. Be2 Nc6 6. Qe3 e6 7. O-O Be7 8.
Rd1 O-O 9. c4 Qc7 10. Nc3 a6 11. Rb1 b6 12. b3 Bb7 13. Bb2 Ne5 14. h3 Ned7 15.
b4 Rfe8 16. Rbc1 Rac8 17. a3 Qb8 18. Bd3 Ba8 19. Rd2 Bd8 20. Rcd1 Bc7 21. Qe2
Rcd8 22. Qf1 Nf8 23. Bc2 Ng6 24. Rd4 Bc6 25. Bc1 h6 26. b5 axb5 27. cxb5 Bb7
28. Bb3 Nf8 29. Ra4 N8d7 30. Bc2 Nc5 31. Rad4 e5 32. Rc4 d5 33. exd5 Nxd5 34.
Nxd5 Bxd5 35. Rxd5 Rxd5 36. Be3 Bd6 37. Qe2 Bf8 38. Nh4 e4 39. Qg4 h5 40. Qe2
g6 41. g3 Qd8 42. Bxc5 Rxc5 43. Rxe4 Rxe4 44. Qxe4 Qf6 45. a4 Kg7 46. Kg2 Rc3
47. Bd3 Bc5 48. Nf3 Rb3 49. Bc2 Rb2 50. g4 hxg4 51. hxg4 Qc3 52. Ne1 Rb4 53.
Qe2 Qd4 54. Nd3 Qxg4+ 55. Qxg4 Rxg4+ 56. Kf3 Rc4 57. Bd1 Be7 58. Ne1 Rc3+ 59.
Ke4 Bd6 60. Nd3 Kf6 61. Kd4 Rc8 62. f3 Ke7 63. Bb3 g5 64. Bd5 f5 65. Nb2 g4 66.
fxg4 fxg4 67. Nc4 g3 68. Ke3 Bc7 69. Kf3 Rf8+ 70. Kg2 Rf2+ 71. Kh3 Rh2+ 0-1

[Event "10. Torneo I. Cidade de Pontevedra 2022"]
[Site "Pontevedra ESP"]
[Date "2022.07.27"]
[Round "6.16"]
[White "Martinez Montes, Juan Manuel"]
[Black "Mahitosh, Dey"]
[Result "1/2-1/2"]
[WhiteElo "2035"]
[BlackElo "2212"]
[PlyCount "78"]
[EventDate "2022.07.24"]
[EventType "swiss"]
[EventRounds "9"]
[EventCountry "ESP"]
[SourceTitle "Ajedrez en Madrid"]
[Source "lmi"]
[SourceDate "2022.07.24"]
[SourceVersion "1"]
[SourceVersionDate "2022.08.06"]
[SourceQuality "1"]

1. e4 e5 2. Nf3 Nf6 3. Nxe5 d6 4. Nf3 Nxe4 5. Nc3 Nxc3 6. dxc3 Be7 7. Be3 Nc6
8. Qd2 Be6 9. Nd4 Nxd4 10. cxd4 c6 11. Bd3 Qd7 12. Bg5 f6 13. Bf4 g5 14. Be3
O-O-O 15. Qa5 b6 16. Qa4 Kb8 17. O-O-O d5 18. h4 h6 19. Rde1 Bd6 20. hxg5 hxg5
21. c3 Qc8 22. Qd1 Bg4 23. Be2 Rxh1 24. Rxh1 Bxe2 25. Qxe2 Rh8 26. Rxh8 Qxh8
27. Qg4 Qe8 28. Qf5 Qe7 29. Qg4 Kc7 30. Qf5 Kd8 31. Qh3 Qc7 32. Qf5 Qe7 33. Kd2
b5 34. f4 gxf4 35. Bxf4 Kc7 36. g3 Bxf4+ 37. Qxf4+ Kb6 38. a3 a5 39. b3 Qh7
1/2-1/2

[Event "10. Torneo I. Cidade de Pontevedra 2022"]
[Site "Pontevedra ESP"]
[Date "2022.07.27"]
[Round "6.17"]
[White "Antonano Fernandez-Quincoces, Av"]
[Black "Bringas Gomez, Artai"]
[Result "0-1"]
[WhiteElo "1981"]
[BlackElo "2203"]
[PlyCount "46"]
[EventDate "2022.07.24"]
[EventType "swiss"]
[EventRounds "9"]
[EventCountry "ESP"]
[SourceTitle "Ajedrez en Madrid"]
[Source "lmi"]
[SourceDate "2022.07.24"]
[SourceVersion "1"]
[SourceVersionDate "2022.08.06"]
[SourceQuality "1"]

1. e4 e5 2. Nf3 Nc6 3. d4 exd4 4. Bc4 Nf6 5. e5 d5 6. Bb5 Nd7 7. O-O Be7 8. c3
dxc3 9. Nxc3 Nb6 10. Nd4 Bd7 11. e6 fxe6 12. Bxc6 bxc6 13. Qh5+ g6 14. Qe2 c5
15. Nxe6 Bxe6 16. Qxe6 Qd7 17. Qe2 O-O 18. Bh6 Rfe8 19. Qd2 Bf6 20. Rad1 c6 21.
b3 c4 22. Be3 d4 23. Qc2 Qg7 0-1

[Event "10. Torneo I. Cidade de Pontevedra 2022"]
[Site "Pontevedra ESP"]
[Date "2022.07.27"]
[Round "6.18"]
[White "Persson, Andreas"]
[Black "Blanco Garcia, Liliam Barbara"]
[Result "1-0"]
[WhiteElo "2154"]
[BlackElo "2031"]
[PlyCount "75"]
[EventDate "2022.07.24"]
[EventType "swiss"]
[EventRounds "9"]
[EventCountry "ESP"]
[SourceTitle "Ajedrez en Madrid"]
[Source "lmi"]
[SourceDate "2022.07.24"]
[SourceVersion "1"]
[SourceVersionDate "2022.08.06"]
[SourceQuality "1"]

1. d4 d5 2. Nf3 e6 3. g3 a6 4. Bg2 Nf6 5. O-O c5 6. c4 dxc4 7. dxc5 Qxd1 8.
Rxd1 Nc6 9. Na3 Bxc5 10. Nxc4 Ke7 11. b3 b5 12. Nfe5 Nxe5 13. Nxe5 Nd5 14. Bxd5
exd5 15. Rxd5 Ba7 16. Ba3+ Ke6 17. Rad1 Bb8 18. Nc6 Bc7 19. Nd8+ Rxd8 20. Rxd8
Bxd8 21. Rxd8 g6 22. g4 Bb7 23. Rd6+ Ke5 24. Rb6 Bc8 25. f3 Be6 26. Kf2 Kf6 27.
e4 g5 28. Kg3 Kg6 29. h4 h6 30. h5+ Kh7 31. Bb2 Kg8 32. Be5 Kh7 33. Bb8 Kg7 34.
Kf2 Kf6 35. Ke3 Ke7 36. Kd4 Kd7 37. Kc5 Ke7 38. Kc6 1-0

[Event "10. Torneo I. Cidade de Pontevedra 2022"]
[Site "Pontevedra ESP"]
[Date "2022.07.27"]
[Round "6.19"]
[White "Teijeiro Barros, Alberto"]
[Black "Sanroman Costas, Mauro"]
[Result "0-1"]
[WhiteElo "2066"]
[BlackElo "1934"]
[PlyCount "110"]
[EventDate "2022.07.24"]
[EventType "swiss"]
[EventRounds "9"]
[EventCountry "ESP"]
[SourceTitle "Ajedrez en Madrid"]
[Source "lmi"]
[SourceDate "2022.07.24"]
[SourceVersion "1"]
[SourceVersionDate "2022.08.06"]
[SourceQuality "1"]

1. Nf3 d6 2. c4 e5 3. Nc3 f5 4. g3 Nf6 5. Bg2 Be7 6. O-O O-O 7. d3 Qe8 8. b4 a5
9. b5 Nbd7 10. Ba3 Qh5 11. c5 dxc5 12. Rc1 Rb8 13. Qb3+ Kh8 14. b6 Nxb6 15.
Nxe5 Bd6 16. Nf3 f4 17. Nb5 Nbd7 18. Nxd6 cxd6 19. d4 b6 20. gxf4 Bb7 21. dxc5
Nxc5 22. Qc3 Nfe4 23. Qd4 Rxf4 24. Bb2 Rg4 25. h3 Rg6 26. Kh2 Ne6 27. Qe3 Rf8
28. Rg1 Nf4 29. Bf1 Rxg1 30. Nxg1 Ne6 31. f3 N4c5 32. Rc4 Qf7 33. Rg4 Rd8 34.
h4 Rd7 35. Nh3 d5 36. Be5 Kg8 37. Ng5 Nxg5 38. Rxg5 Ne6 39. Rg4 h5 40. Rg3 d4
41. Qh6 Rd5 42. f4 Rxe5 43. fxe5 Qf2+ 44. Bg2 Qxg3+ 45. Kxg3 gxh6 46. Bxb7 Kf8
47. Kf3 Nc5 48. Bd5 b5 49. a3 b4 50. axb4 axb4 51. Kf4 b3 52. Kf5 b2 53. Ba2
Na4 54. Bb1 Nc3 55. Bd3 Nxe2 0-1

[Event "10. Torneo I. Cidade de Pontevedra 2022"]
[Site "Pontevedra ESP"]
[Date "2022.07.27"]
[Round "6.20"]
[White "Bartolo, Filipe Diogo Correi"]
[Black "Pintor, Simao Maciel Abranc"]
[Result "1/2-1/2"]
[WhiteElo "1815"]
[BlackElo "2062"]
[PlyCount "64"]
[EventDate "2022.07.24"]
[EventType "swiss"]
[EventRounds "9"]
[EventCountry "ESP"]
[SourceTitle "Ajedrez en Madrid"]
[Source "lmi"]
[SourceDate "2022.07.24"]
[SourceVersion "1"]
[SourceVersionDate "2022.08.06"]
[SourceQuality "1"]

1. e4 c5 2. Nf3 g6 3. d4 cxd4 4. Nxd4 Nc6 5. c4 Bg7 6. Be3 Nf6 7. Nc3 O-O 8.
Be2 d6 9. O-O Nxd4 10. Bxd4 Bd7 11. Qd2 Bc6 12. f3 a5 13. b3 Nd7 14. Be3 Nc5
15. Rab1 Qb6 16. Rfc1 Rfc8 17. Rc2 Qd8 18. Bf1 h5 19. Bg5 Ne6 20. Be3 Kh7 21.
Nd5 Bxd5 22. Qxd5 Rc6 23. f4 Qh8 24. f5 Bd4 25. Bxd4 Qxd4+ 26. Qxd4 Nxd4 27.
Rd2 e5 28. fxe6 Nxe6 29. Rbd1 Nc5 30. Rxd6 Rxd6 31. Rxd6 Re8 32. Rd5 b6 1/2-1/2

[Event "10. Torneo I. Cidade de Pontevedra 2022"]
[Site "Pontevedra ESP"]
[Date "2022.07.27"]
[Round "6.21"]
[White "Aguilera Lopez, Alejandro"]
[Black "Carballo Noya, Miguel"]
[Result "1/2-1/2"]
[WhiteElo "2219"]
[BlackElo "1910"]
[PlyCount "113"]
[EventDate "2022.07.24"]
[EventType "swiss"]
[EventRounds "9"]
[EventCountry "ESP"]
[SourceTitle "Ajedrez en Madrid"]
[Source "lmi"]
[SourceDate "2022.07.24"]
[SourceVersion "1"]
[SourceVersionDate "2022.08.06"]
[SourceQuality "1"]

1. e3 e5 2. c4 Nf6 3. Nc3 d5 4. cxd5 Nxd5 5. Nf3 Nxc3 6. bxc3 Bd6 7. d4 exd4 8.
cxd4 O-O 9. Be2 c5 10. Bb2 Qa5+ 11. Qd2 Qxd2+ 12. Nxd2 cxd4 13. Bxd4 Nc6 14.
Bc3 Be6 15. O-O Rac8 16. a4 Rfd8 17. Rab1 Be5 18. Ne4 Bf5 19. Bxe5 Bxe4 20. Rb5
a6 21. Rc5 b6 22. Rc4 Bd5 23. Rd4 Nxd4 24. Bxd4 Bc4 25. Bxc4 Rxc4 26. Bxb6 Rdc8
27. a5 Rc1 28. g4 f6 29. Rxc1 Rxc1+ 30. Kg2 Rc2 31. h4 Kf7 32. Kg3 Ke6 33. f3
Kd5 34. Kf4 Ke6 35. h5 Rc4+ 36. e4 Rc3 37. Ba7 Rb3 38. Bd4 Ra3 39. Bb6 g6 40.
hxg6 hxg6 41. Bd8 Kd7 42. Bb6 Rb3 43. Bd4 Ra3 44. Bb6 Rd3 45. Bc5 Ke6 46. Bb6
g5+ 47. Kg3 Ke5 48. Bc7+ Ke6 49. Bb6 Rd2 50. Bc7 Kd7 51. Bb6 Kc6 52. Be3 Rd3
53. Bb6 Kb5 54. Kf2 Kc4 55. Ke2 Kc3 56. Bc5 Rd7 57. Bb6 1/2-1/2

[Event "10. Torneo I. Cidade de Pontevedra 2022"]
[Site "Pontevedra ESP"]
[Date "2022.07.27"]
[Round "6.22"]
[White "Otero Nogueira, Brais"]
[Black "Torres Boch, Jose Francisco"]
[Result "1-0"]
[WhiteElo "2076"]
[BlackElo "2188"]
[PlyCount "59"]
[EventDate "2022.07.24"]
[EventType "swiss"]
[EventRounds "9"]
[EventCountry "ESP"]
[SourceTitle "Ajedrez en Madrid"]
[Source "lmi"]
[SourceDate "2022.07.24"]
[SourceVersion "1"]
[SourceVersionDate "2022.08.06"]
[SourceQuality "1"]

1. g3 e5 2. c4 Nf6 3. Bg2 d5 4. cxd5 Nxd5 5. Nc3 Nb6 6. Nf3 Nc6 7. O-O Be7 8.
d3 g5 9. Be3 g4 10. Nd2 h5 11. Nc4 f6 12. Nxb6 axb6 13. Qb3 Na5 14. Qa4+ Bd7
15. Qe4 Be6 16. d4 Qd7 17. dxe5 f5 18. Qc2 O-O 19. Rfd1 Qe8 20. Nd5 Rc8 21. Nf4
Bd7 22. Ng6 Nc6 23. Nxf8 Bxf8 24. Rxd7 Qxd7 25. Rd1 Qh7 26. Bxc6 bxc6 27. Qxc6
Qf7 28. Rd7 Qe8 29. Qd5+ Kh8 30. e6 1-0

[Event "10. Torneo I. Cidade de Pontevedra 2022"]
[Site "Pontevedra ESP"]
[Date "2022.07.27"]
[Round "6.23"]
[White "Ereza Vizcarra, Fernando"]
[Black "Gonzalez Carro, Victor"]
[Result "0-1"]
[WhiteElo "2131"]
[BlackElo "1808"]
[PlyCount "126"]
[EventDate "2022.07.24"]
[EventType "swiss"]
[EventRounds "9"]
[EventCountry "ESP"]
[SourceTitle "Ajedrez en Madrid"]
[Source "lmi"]
[SourceDate "2022.07.24"]
[SourceVersion "1"]
[SourceVersionDate "2022.08.06"]
[SourceQuality "1"]

1. d4 Nf6 2. Nf3 e6 3. g3 b6 4. Bg2 Bb7 5. O-O Be7 6. c4 O-O 7. Nc3 Ne4 8. Bd2
d6 9. Qc2 Nxd2 10. Qxd2 Nd7 11. Qc2 f5 12. Ng5 Bxg5 13. Bxb7 Rb8 14. Bc6 a5 15.
Rad1 Qe7 16. f4 Bh6 17. e4 fxe4 18. Bxe4 g6 19. Rfe1 Qf7 20. Bg2 Kh8 21. Bh3
Rfe8 22. Qe4 Nf8 23. Qc6 Bg7 24. Nb5 Re7 25. b3 Bf6 26. Qf3 Qg7 27. Qd3 Rbe8
28. Na7 Qh6 29. Bg2 g5 30. fxg5 Qxg5 31. Nc6 Rg7 32. Qe3 Qg4 33. Qe4 Qg5 34.
Rf1 Nd7 35. Bh3 Nf8 36. Rde1 e5 37. Qf5 Qh6 38. dxe5 dxe5 39. Qxf6 Qxh3 40.
Rxe5 Ne6 41. Qf5 Rxg3+ 42. hxg3 Qxg3+ 43. Kh1 Qh4+ 44. Kg2 Rg8+ 45. Kf3 Rf8 46.
Qxf8+ Nxf8 47. Rf5 Ne6 48. Ke3 Qg3+ 49. R1f3 Qe1+ 50. Kd3 Nc5+ 51. Rxc5 bxc5
52. Re3 Qf1+ 53. Kc3 Qa1+ 54. Kd3 Qxa2 55. Kc3 Qa1+ 56. Kd3 Kg7 57. Ne7 Qd1+
58. Ke4 h5 59. Rg3+ Kf7 60. Nf5 Qb1+ 61. Ke5 Qb2+ 62. Kf4 Kf6 63. Ne3 Qf2+ 0-1

[Event "10. Torneo I. Cidade de Pontevedra 2022"]
[Site "Pontevedra ESP"]
[Date "2022.07.27"]
[Round "6.24"]
[White "Victor, Julian"]
[Black "Patino Romaris, Juan Roberto"]
[Result "1/2-1/2"]
[WhiteElo "1944"]
[BlackElo "2093"]
[PlyCount "75"]
[EventDate "2022.07.24"]
[EventType "swiss"]
[EventRounds "9"]
[EventCountry "ESP"]
[SourceTitle "Ajedrez en Madrid"]
[Source "lmi"]
[SourceDate "2022.07.24"]
[SourceVersion "1"]
[SourceVersionDate "2022.08.06"]
[SourceQuality "1"]

1. d4 Nf6 2. c4 e6 3. g3 d5 4. Nf3 Bb4+ 5. Bd2 Be7 6. Bg2 O-O 7. O-O c6 8. Qc2
Nbd7 9. Rd1 Ne4 10. Nc3 f5 11. Rab1 Ndf6 12. Bf4 Bd7 13. b4 Nxc3 14. Qxc3 Ne4
15. Qb3 a6 16. a4 Be8 17. Ne5 Bf6 18. f3 Nd6 19. c5 Bxe5 20. Bxe5 Nc4 21. f4
Bh5 22. Bf3 Bxf3 23. Qxf3 Qd7 24. Qb3 Ra7 25. b5 axb5 26. axb5 Rfa8 27. bxc6
bxc6 28. Rd3 Ra2 29. Kf2 Qe8 30. Qb8 Rxb8 31. Rxb8 Qxb8 32. Bxb8 Rd2 33. Rxd2
Nxd2 34. Bc7 Kf7 35. Ba5 Ne4+ 36. Ke3 Ke7 37. Be1 Kd7 38. Kd3 1/2-1/2

[Event "10. Torneo I. Cidade de Pontevedra 2022"]
[Site "Pontevedra ESP"]
[Date "2022.07.27"]
[Round "6.25"]
[White "Roque Sola, Andrea"]
[Black "Vidal del Rio, Manuel"]
[Result "0-1"]
[WhiteElo "1913"]
[BlackElo "2092"]
[PlyCount "58"]
[EventDate "2022.07.24"]
[EventType "swiss"]
[EventRounds "9"]
[EventCountry "ESP"]
[SourceTitle "Ajedrez en Madrid"]
[Source "lmi"]
[SourceDate "2022.07.24"]
[SourceVersion "1"]
[SourceVersionDate "2022.08.06"]
[SourceQuality "1"]

1. c4 Nf6 2. g3 e6 3. Bg2 d5 4. d4 Be7 5. Nf3 O-O 6. O-O dxc4 7. Ne5 Nc6 8.
Nxc6 bxc6 9. Bxc6 Rb8 10. Bg2 Bb7 11. Nc3 Bxg2 12. Kxg2 Qd7 13. e3 c5 14. dxc5
Qc6+ 15. Qf3 Qxc5 16. e4 Qc6 17. Be3 Rxb2 18. Bxa7 Rb7 19. Bd4 Rd8 20. Rfd1
Rbd7 21. Bxf6 Bxf6 22. Rxd7 Rxd7 23. Rd1 Rxd1 24. Qxd1 h6 25. Ne2 Qxe4+ 26. Kf1
c3 27. Qc1 c2 28. h4 Bc3 29. Qa3 Qh1+ 0-1

[Event "10. Torneo I. Cidade de Pontevedra 2022"]
[Site "Pontevedra ESP"]
[Date "2022.07.27"]
[Round "6.26"]
[White "Pastor Alonso De Prado, Alberto"]
[Black "Sixto Puente, Eloy"]
[Result "1-0"]
[WhiteElo "2050"]
[BlackElo "2071"]
[PlyCount "145"]
[EventDate "2022.07.24"]
[EventType "swiss"]
[EventRounds "9"]
[EventCountry "ESP"]
[SourceTitle "Ajedrez en Madrid"]
[Source "lmi"]
[SourceDate "2022.07.24"]
[SourceVersion "1"]
[SourceVersionDate "2022.08.06"]
[SourceQuality "1"]

1. Nf3 Nf6 2. g3 d5 3. Bg2 c6 4. b3 Bf5 5. Bb2 e6 6. O-O h6 7. d3 Be7 8. Nbd2
O-O 9. Re1 Bh7 10. e4 a5 11. a3 Re8 12. Qe2 Bf8 13. h3 Na6 14. Rad1 Nc5 15. e5
Nfd7 16. Nf1 Na6 17. g4 a4 18. b4 c5 19. b5 Nc7 20. c4 Nb6 21. Ng3 Qe7 22. h4
Rad8 23. g5 dxc4 24. dxc4 Rxd1 25. Rxd1 Rd8 26. Bf1 hxg5 27. Nxg5 Bg6 28. Bc1
Rxd1 29. Qxd1 f6 30. h5 Be8 31. Nf3 Nd7 32. Bf4 Nb6 33. h6 Bg6 34. hxg7 Bxg7
35. exf6 Bxf6 36. Qd6 Nba8 37. Qxe7 Bxe7 38. Ne5 Bc2 39. Bg2 b6 40. Kf1 Bb3 41.
Ke2 Bd6 42. Kd3 Nxb5 43. cxb5 Nc7 44. Bc6 Nd5 45. Bxd5 exd5 46. Kc3 d4+ 47. Kd3
Ba2 48. Ne2 Bb1+ 49. Kd2 Kg7 50. Nc4 Be7 51. Nxb6 Bf6 52. Nc4 Be4 53. Bd6 Bg5+
54. f4 Bd8 55. Bxc5 Bd5 56. Kd3 Kf6 57. Nxd4 Bg2 58. b6 Bf1+ 59. Kc3 Bg2 60.
Ne3 Bh1 61. Kb4 Kf7 62. Nb5 Ke8 63. b7 Bxb7 64. Nd6+ Kd7 65. Nxb7 Bc7 66. f5
Be5 67. Na5 Kc7 68. f6 Kb8 69. Nc6+ Kb7 70. Nxe5 Ka6 71. f7 Kb7 72. f8=Q Ka6
73. Qa8# 1-0

[Event "10. Torneo I. Cidade de Pontevedra 2022"]
[Site "Pontevedra ESP"]
[Date "2022.07.27"]
[Round "6.27"]
[White "Rey Malde, Henrique"]
[Black "Vidal Del Rio, Diego"]
[Result "1-0"]
[WhiteElo "2297"]
[BlackElo "2041"]
[PlyCount "77"]
[EventDate "2022.07.24"]
[EventType "swiss"]
[EventRounds "9"]
[EventCountry "ESP"]
[SourceTitle "Ajedrez en Madrid"]
[Source "lmi"]
[SourceDate "2022.07.24"]
[SourceVersion "1"]
[SourceVersionDate "2022.08.06"]
[SourceQuality "1"]

1. e4 c5 2. Nf3 Nc6 3. d4 cxd4 4. Nxd4 Nf6 5. Nc3 e5 6. Ndb5 d6 7. Bg5 a6 8.
Na3 b5 9. Bxf6 gxf6 10. Nd5 Bg7 11. g3 O-O 12. Bg2 Ne7 13. c3 Be6 14. Nxe7+
Qxe7 15. O-O Rad8 16. Nc2 f5 17. Nb4 Qd7 18. exf5 Bxf5 19. a4 Be6 20. Bc6 Qc8
21. axb5 axb5 22. Bxb5 d5 23. Nc6 Rd7 24. Na7 Qb7 25. Bc6 Qxb2 26. Bxd7 Bxd7
27. Qxd5 Bh3 28. Rfd1 Qxc3 29. Rac1 Qb2 30. Nc6 Re8 31. Nd8 Re7 32. Rb1 Qc2 33.
Rdc1 Qg6 34. Rb8 Bf8 35. Nc6 Rd7 36. Qxd7 Bxd7 37. Ne7+ Kg7 38. Nxg6 hxg6 39.
Re1 1-0

[Event "10. Torneo I. Cidade de Pontevedra 2022"]
[Site "Pontevedra ESP"]
[Date "2022.07.27"]
[Round "6.28"]
[White "Deleyn, Gunter"]
[Black "Cabanas Rodriguez, Roi"]
[Result "0-1"]
[WhiteElo "2181"]
[BlackElo "1945"]
[PlyCount "96"]
[EventDate "2022.07.24"]
[EventType "swiss"]
[EventRounds "9"]
[EventCountry "ESP"]
[SourceTitle "Ajedrez en Madrid"]
[Source "lmi"]
[SourceDate "2022.07.24"]
[SourceVersion "1"]
[SourceVersionDate "2022.08.06"]
[SourceQuality "1"]

1. c4 c5 2. g3 g6 3. Bg2 Bg7 4. Nc3 Nc6 5. a3 e5 6. Rb1 a5 7. d3 Nge7 8. h4 h6
9. Nd5 d6 10. e3 Rb8 11. Ne2 Bg4 12. f3 Be6 13. e4 O-O 14. h5 g5 15. g4 b5 16.
Be3 bxc4 17. dxc4 Nd4 18. Nxd4 exd4 19. Bd2 Bxd5 20. exd5 Be5 21. O-O Nc8 22.
b3 Re8 23. Re1 Ra8 24. Kf2 Nb6 25. a4 Qf6 26. Re4 Nd7 27. Qe1 Qd8 28. Kf1 f5
29. gxf5 Nf6 30. Bh3 Nxh5 31. Kg1 Nf6 32. Re2 d3 33. Re4 Nxe4 34. fxe4 Bd4+ 35.
Kh1 Qe7 36. Bg2 Qe5 37. Be3 Bxe3 38. Qxe3 Qxf5 39. Qxd3 Qg6 40. Re1 Rf8 41. Qg3
Rf4 42. e5 dxe5 43. Rxe5 Re8 44. Qe1 Rxe5 45. Qxe5 Qh5+ 46. Kg1 Qd1+ 47. Kh2
Rh4+ 48. Kg3 Qg4+ 0-1

[Event "10. Torneo I. Cidade de Pontevedra 2022"]
[Site "Pontevedra ESP"]
[Date "2022.07.27"]
[Round "6.29"]
[White "Fernandez Rivero, Karla July"]
[Black "Macqueron, Gregory"]
[Result "1-0"]
[WhiteElo "2058"]
[BlackElo "1936"]
[PlyCount "91"]
[EventDate "2022.07.24"]
[EventType "swiss"]
[EventRounds "9"]
[EventCountry "ESP"]
[SourceTitle "Ajedrez en Madrid"]
[Source "lmi"]
[SourceDate "2022.07.24"]
[SourceVersion "1"]
[SourceVersionDate "2022.08.06"]
[SourceQuality "1"]

1. d4 Nf6 2. c4 g6 3. Nc3 Bg7 4. e4 d6 5. Be2 O-O 6. Bg5 Na6 7. Qd2 c6 8. f3
Nc7 9. Rd1 Ne6 10. Be3 Qc7 11. Nh3 c5 12. Nb5 Qb6 13. d5 Nc7 14. Nc3 Bxh3 15.
gxh3 a6 16. O-O Rad8 17. Rb1 a5 18. Bg5 Rde8 19. Kh1 e6 20. Bd3 Qa6 21. Rbe1 e5
22. Ne2 a4 23. Nc3 Nd7 24. Rf2 Nb6 25. b3 axb3 26. axb3 f6 27. Be3 Ra8 28. h4
Rf7 29. h5 Nd7 30. hxg6 hxg6 31. Rg1 Nf8 32. h4 b5 33. cxb5 Qc8 34. Rh2 Re7 35.
h5 gxh5 36. Bh6 Ne8 37. Rxh5 Raa7 38. Bc4 Nh7 39. Qh2 Kh8 40. b6 Bxh6 41. bxa7
Bf4 42. Qh3 Qxh3+ 43. Rxh3 Rxa7 44. Bb5 Nc7 45. Bd7 Nxd5 46. Nxd5 1-0

[Event "10. Torneo I. Cidade de Pontevedra 2022"]
[Site "Pontevedra ESP"]
[Date "2022.07.27"]
[Round "6.30"]
[White "Reza Salgado, Marcos"]
[Black "Mosca, Leonildo"]
[Result "1/2-1/2"]
[WhiteElo "1790"]
[BlackElo "2050"]
[PlyCount "65"]
[EventDate "2022.07.24"]
[EventType "swiss"]
[EventRounds "9"]
[EventCountry "ESP"]
[SourceTitle "Ajedrez en Madrid"]
[Source "lmi"]
[SourceDate "2022.07.24"]
[SourceVersion "1"]
[SourceVersionDate "2022.08.06"]
[SourceQuality "1"]

1. d4 Nf6 2. Nc3 d5 3. Bf4 Bf5 4. f3 e6 5. g4 Bg6 6. h4 h5 7. g5 Ng8 8. e4 Bd6
9. Nge2 Ne7 10. Qd2 c6 11. O-O-O b5 12. Bxd6 Qxd6 13. Nf4 a5 14. Nxg6 Nxg6 15.
e5 Qc7 16. Bd3 Ne7 17. Qf4 g6 18. Kb1 Nd7 19. Bxb5 O-O 20. Bd3 Rfb8 21. Na4 Rb4
22. b3 Rab8 23. Ka1 c5 24. c3 R4b7 25. Nxc5 Nxc5 26. dxc5 Qxc5 27. Qd2 Qa3 28.
Bc2 a4 29. Qc1 Qc5 30. Kb2 a3+ 31. Kb1 Qxc3 32. Qxa3 Qxe5 33. Qb2 1/2-1/2

[Event "10. Torneo I. Cidade de Pontevedra 2022"]
[Site "Pontevedra ESP"]
[Date "2022.07.27"]
[Round "6.31"]
[White "Martinez Garcia, Ruben"]
[Black "Alvarez Dominguez, Breixo"]
[Result "1-0"]
[WhiteElo "1992"]
[BlackElo "2026"]
[PlyCount "99"]
[EventDate "2022.07.24"]
[EventType "swiss"]
[EventRounds "9"]
[EventCountry "ESP"]
[SourceTitle "Ajedrez en Madrid"]
[Source "lmi"]
[SourceDate "2022.07.24"]
[SourceVersion "1"]
[SourceVersionDate "2022.08.06"]
[SourceQuality "1"]

1. e4 c6 2. d4 d5 3. e5 Bf5 4. h4 h5 5. Bg5 Qb6 6. Bd3 Qxd4 7. Nf3 Qg4 8. O-O
Bxd3 9. Qxd3 Nd7 10. Nbd2 e6 11. Rfe1 Nc5 12. Qe3 f6 13. Bf4 Kf7 14. Nd4 Re8
15. b4 Nd7 16. exf6 e5 17. fxg7 Bxg7 18. N2f3 Nh6 19. Ng5+ Kg6 20. Nde6 Nf5 21.
Qd2 exf4 22. Nxf4+ Kf6 23. Qc3+ d4 24. Qc4 Ne5 25. Rxe5 Kxe5 26. Ng6+ Kd6 27.
Nf7+ Kd7 28. Nfxh8 Bxh8 29. Qf7+ Kd8 30. Nxh8 Nxh4 31. g3 Nf3+ 32. Kg2 Ne1+ 33.
Kh2 Qe4 34. Qf6+ Kc8 35. Rxe1 Qxe1 36. Nf7 Re7 37. Qh8+ Kd7 38. Qxd4+ Ke6 39.
Ng5+ Kf5 40. Nf3 Qe4 41. Nh4+ Kg5 42. Qd6 Re6 43. Qd8+ Re7 44. Qf8 Re6 45. f4+
Kg4 46. Qg7+ Rg6 47. Qxg6+ Qxg6 48. Nxg6 Kf5 49. Ne5 h4 50. Nd3 1-0

[Event "10. Torneo I. Cidade de Pontevedra 2022"]
[Site "Pontevedra ESP"]
[Date "2022.07.27"]
[Round "6.32"]
[White "Martin Andres, Carlos"]
[Black "Bastos Gonzalez, Gonzalo"]
[Result "1/2-1/2"]
[WhiteElo "1924"]
[BlackElo "1946"]
[PlyCount "85"]
[EventDate "2022.07.24"]
[EventType "swiss"]
[EventRounds "9"]
[EventCountry "ESP"]
[SourceTitle "Ajedrez en Madrid"]
[Source "lmi"]
[SourceDate "2022.07.24"]
[SourceVersion "1"]
[SourceVersionDate "2022.08.06"]
[SourceQuality "1"]

1. e4 c5 2. Nc3 Nc6 3. f4 g6 4. Bb5 Nd4 5. Nf3 Bg7 6. O-O a6 7. Bc4 e6 8. a4
Ne7 9. d3 O-O 10. Nxd4 cxd4 11. Ne2 d5 12. Bb3 dxe4 13. dxe4 Qb6 14. Qd3 Nc6
15. Kh1 Rd8 16. Bc4 Qc5 17. Ng3 Bd7 18. Qe2 Nb4 19. Bb3 Rac8 20. Bd2 d3 21.
cxd3 Bc6 22. Rac1 Qd4 23. Bxb4 Qxb4 24. Qd1 Bxb2 25. Rb1 Qa3 26. f5 exf5 27.
exf5 Bd5 28. Bxd5 Rxd5 29. fxg6 hxg6 30. Qe2 Be5 31. Qf3 Rd7 32. Rxb7 Qxd3 33.
Qxd3 Rxd3 34. Rbxf7 Rd4 35. Re7 Bxg3 36. hxg3 Rf8 37. Rc1 Rf7 38. Re6 Rxa4 39.
Rxg6+ Rg7 40. Rxg7+ Kxg7 41. Kg1 Kf6 42. Kf2 Kf5 43. Rc7 1/2-1/2

[Event "10. Torneo I. Cidade de Pontevedra 2022"]
[Site "Pontevedra ESP"]
[Date "2022.07.27"]
[Round "6.33"]
[White "Alonso Pacheco, Luis Joaquin"]
[Black "Vela Ignacio, Jose Manuel"]
[Result "1/2-1/2"]
[WhiteElo "1903"]
[BlackElo "2026"]
[PlyCount "70"]
[EventDate "2022.07.24"]
[EventType "swiss"]
[EventRounds "9"]
[EventCountry "ESP"]
[SourceTitle "Ajedrez en Madrid"]
[Source "lmi"]
[SourceDate "2022.07.24"]
[SourceVersion "1"]
[SourceVersionDate "2022.08.06"]
[SourceQuality "1"]

1. e4 e6 2. d4 d5 3. Nc3 Nf6 4. Bg5 Bb4 5. e5 h6 6. Be3 Bxc3+ 7. bxc3 Ne4 8.
Qg4 Kf8 9. Bd3 Nxc3 10. Nf3 c5 11. dxc5 Nc6 12. O-O Qa5 13. a4 Qb4 14. Qxb4
Nxb4 15. Bd2 Nxd3 16. cxd3 Ne2+ 17. Kh1 g5 18. Rfe1 g4 19. Rxe2 gxf3 20. gxf3
Bd7 21. Be3 Ke7 22. d4 Rag8 23. Rb2 Bc8 24. Bf4 Rg6 25. Rg1 Rhg8 26. Rxg6 Rxg6
27. Bg3 h5 28. h4 Kd7 29. Kg1 Kc7 30. a5 a6 31. Kf1 Bd7 32. Ke2 Bb5+ 33. Ke1
Kd7 34. Kd2 Bc6 35. Ke3 Bb5 1/2-1/2